Международное сотрудничество в области подготовки социальных работников: вопросы теории и практики (Запись № 513302)

Подробности
000 -МАРКЕР
контрольное поле 02039nam1a2200313 i 4500
001 - ИДЕНТИФИКАТОР ЗАПИСИ
контрольное поле RU\NLR\bibl\93597
005 - ИДЕНТИФИКАТОР ВЕРСИИ
контрольное поле 20260407085340.0
035 ## - ДРУГИЕ СИСТЕМНЫЕ НОМЕРА
Идентификатор записи (NLR Aleph) 000091464
100 ## - ДАННЫЕ ОБЩЕЙ ОБРАБОТКИ
Данные общей обработки 20000621g19 9999k y0rusy50 ca
101 0# - ЯЗЫК РЕСУРСА
Язык текста, звукозаписи и т.д. русский
-- английский
Язык резюме английский
102 ## - СТРАНА ПУБЛИКАЦИИ ИЛИ ПРОИЗВОДСТВА
Страна публикации Российская Федерация
105 ## - ПОЛЕ КОДИРОВАННЫХ ДАННЫХ: ТЕКСТОВЫЕ МАТЕРИАЛЫ, МОНОГРАФИЧЕСКИЕ
Кодированные данные о монографическом текстовом документе ||||z |||||
200 1# - ЗАГЛАВИЕ И СВЕДЕНИЯ ОБ ОТВЕТСТВЕННОСТИ
Основное заглавие Международное сотрудничество в области подготовки социальных работников: вопросы теории и практики
Параллельное заглавие International cooperation in education of social workers: theory and practice
Сведения, относящиеся к заглавию Тез. и материалы Междунар. симп., Волгоград, 30 нояб. - 1 дек. 1998 г.
Первые сведения об ответственности [Редкол.: Н.С. Сергеев, д.п.н., проф.(гл. ред.) и др.]
Язык параллельного заглавия английский
210 ## - ПУБЛИКАЦИЯ, РАСПРОСТРАНЕНИЕ И ДР.
Место издания, распространения и т.д. Волгоград
Имя издателя, распространителя и т. д. Перемена
Дата издания, распространения и т.д. 1999
215 ## - ФИЗИЧЕСКАЯ ХАРАКТЕРИСТИКА
Размеры 20
300 ## - ОБЩИЕ ПРИМЕЧАНИЯ
Текст примечания В надзаг.: Волгоград. гос. пед. ун-т (Россия), Ун-т проф. образования г. Арнема-г. Наймегена (Нидерланды)
463 #0 - УРОВЕНЬ ФИЗИЧЕСКОЙ ЕДИНИЦЫ
Встроенное поле 00190624
510 1# - ПАРАЛЛЕЛЬНОЕ ЗАГЛАВИЕ
Параллельное заглавие International cooperation in education of social workers: theory and practice
Язык заглавия английский
606 0# - НАИМЕНОВАНИЕ ТЕМЫ КАК ПРЕДМЕТ
Наименование темы Социальная работа
Формальный подзаголовок Съезды, совещания и т.п.
Тематический подзаголовок Кадры
-- Подготовка
Системный номер авторитетной/нормативной записи 2072660
Идентификатор авторитетной/нормативной записи RU\NLR\auth\661247505
686 ## - ИНДЕКСЫ ДРУГИХ КЛАССИФИКАЦИЙ
Индекс С550.473я431
702 #1 - ИМЯ ЛИЦА - ВТОРИЧНАЯ ОТВЕТСТВЕННОСТЬ
Код отношения Редактор
Графика поля Кириллица
Материалы, к которым относится поле rus
Начальный элемент ввода Сергеев
Часть имени, кроме начального элемента ввода Н. К.
Дополнения к именам, кроме дат д-р пед. наук
Расширение инициалов личного имени Николай Константинович
Системный номер авторитетной/нормативной записи 115671
Идентификатор авторитетной/нормативной записи RU\NLR\auth\775712
712 02 - НАИМЕНОВАНИЕ ОРГАНИЗАЦИИ - ВТОРИЧНАЯ ОТВЕТСТВЕННОСТЬ
Код отношения Прочие
Начальный элемент ввода Волгоградский государственный педагогический университет
Системный номер авторитетной/нормативной записи 299568
Идентификатор авторитетной/нормативной записи RU\NLR\AUTH\8813276
712 02 - НАИМЕНОВАНИЕ ОРГАНИЗАЦИИ - ВТОРИЧНАЯ ОТВЕТСТВЕННОСТЬ
Код отношения Прочие
Начальный элемент ввода Университет профессионального образования
Идентифицирующий признак Арнем/Наймеген
Системный номер авторитетной/нормативной записи 537294
Идентификатор авторитетной/нормативной записи RU\NLR\AUTH\8810019682
801 #0 - ИСТОЧНИК ЗАПИСИ
Страна Российская Федерация
Организация NLR
Дата составления 20000621
Правила каталогизации PSBO
801 #1 - ИСТОЧНИК ЗАПИСИ
Страна Российская Федерация
Организация NLR
Дата составления 20000621
852 ## - МЕСТОНАХОЖДЕНИЕ И ШИФР ХРАНЕНИЯ
Идентификатор организации NLR
Шифр хранения (Call Number) 2000-3/4697
942 ## - ДОПОЛНИТЕЛЬНЫЕ ЭЛЕМЕНТЫ ЗАПИСИ (АБИС)
Тип экземпляра АБИС Книга

Нет доступных экземпляров.